[Event "26th Klatovy A 2018"]
[Site "Klatovy CZE"]
[Date "2018.07.04"]
[Round "5.34"]
[White "Nagy, Ladislav1"]
[Black "Svanda, Adam"]
[Result "1/2-1/2"]
[WhiteElo "1996"]
[BlackElo "1814"]
[PlyCount "61"]
[EventDate "2018.06.30"]
[EventType "swiss"]
[EventRounds "9"]
[EventCountry "CZE"]

1. Nf3 c5 2. g3 Nc6 3. Bg2 g6 4. O-O Bg7 5. c4 e5 6. Nc3 Nge7 7. d3 d6 8. Bd2 O-O 9. Rb1 a5 10. a3 Rb8 11. Ne1 Be6 12. Nc2 d5 13. cxd5 Nxd5 14. Nxd5 Bxd5 15. Bxd5 Qxd5 16. Ne3 Qe6 17. a4 b6 18. Bc3 Rfd8 19. Qc2 Nd4 20. Bxd4 Rxd4 21. b3 h5 22. Nc4 h4 23. Rbd1 Rbd8 24. e3 R4d7 25. e4 Bh6 26. Kg2 Kg7 27. f3 Rh8 28. Qe2 Bg5 29. Rh1 Rdd8 30. Qb2 f6 31. Qe2 1/2-1/2

[Event "26th Klatovy A 2018"]
[Site "Klatovy CZE"]
[Date "2018.07.04"]
[Round "5.35"]
[White "Bartos, Karel"]
[Black "Brunova, Blanka"]
[Result "1/2-1/2"]
[WhiteElo "1823"]
[BlackElo "1994"]
[PlyCount "39"]
[EventDate "2018.06.30"]
[EventType "swiss"]
[EventRounds "9"]
[EventCountry "CZE"]

1. e4 c5 2. c3 Nf6 3. e5 Nd5 4. Nf3 Nc6 5. d4 cxd4 6. cxd4 e6 7. Bc4 d6 8. O-O Be7 9. Qe2 O-O 10. Qe4 Ndb4 11. Bb5 Qb6 12. Na3 d5 13. Qg4 f5 14. Qg3 Nxd4 15. Bh6 Rf7 16. Nxd4 Qxd4 17. Be8 Bf8 18. Bxf7+ Kxf7 19. Be3 Qe4 20. Rfd1 1/2-1/2

[Event "26th Klatovy A 2018"]
[Site "Klatovy CZE"]
[Date "2018.07.04"]
[Round "5.36"]
[White "Kubat, Miroslav"]
[Black "Kantor, Jozef"]
[Result "1-0"]
[WhiteElo "1993"]
[BlackElo "1813"]
[PlyCount "101"]
[EventDate "2018.06.30"]
[EventType "swiss"]
[EventRounds "9"]
[EventCountry "CZE"]

1. e4 c5 2. Nc3 d6 3. g3 Nf6 4. Bg2 Nc6 5. Nge2 a6 6. a4 Bd7 7. d3 Qc7 8. O-O e6 9. h3 Be7 10. Be3 O-O 11. f4 d5 12. e5 d4 13. exf6 Bxf6 14. Ne4 dxe3 15. Nxf6+ gxf6 16. c3 Ne7 17. Qc1 Bc6 18. Qxe3 Bxg2 19. Kxg2 Nf5 20. Qe4 Kh8 21. d4 c4 22. g4 Rg8 23. Kh2 Nd6 24. Qc2 f5 25. g5 Ne4 26. h4 f6 27. Kg2 Qc6 28. Rf3 fxg5 29. hxg5 Rg7 30. Rh1 Nf6 31. Ng3 Ng4 32. Nf1 Kg8 33. Kg3 Rd8 34. Qe2 Kf7 35. Nh2 Nf6 36. Nf1 Ne4+ 37. Kg2 Rdg8 38. Ng3 Nf6 39. Nh5 Ne4 40. Nxg7 Rxg7 41. a5 Kg8 42. Rh6 Qd5 43. Kh2 Qd6 44. Kh3 Qe7 45. Qxc4 Kf7 46. Qe2 Qc7 47. Kh2 Nxg5 48. Rf1 Ne4 49. Qh5+ Kf8 50. Rxe6 Qd7 51. Qxf5+ 1-0

[Event "26th Klatovy A 2018"]
[Site "Klatovy CZE"]
[Date "2018.07.04"]
[Round "5.37"]
[White "Novy, Daniel"]
[Black "Bartonicek, Zdenek"]
[Result "1/2-1/2"]
[WhiteElo "1941"]
[BlackElo "1987"]
[PlyCount "23"]
[EventDate "2018.06.30"]
[EventType "swiss"]
[EventRounds "9"]
[EventCountry "CZE"]

1. e4 e5 2. Nf3 Nc6 3. d4 exd4 4. Bc4 Be7 5. O-O d6 6. c3 Ne5 7. Nxe5 dxe5 8. Qh5 g6 9. Qxe5 Nf6 10. Bh6 Qd6 11. Qxd6 cxd6 12. cxd4 1/2-1/2

[Event "26th Klatovy A 2018"]
[Site "Klatovy CZE"]
[Date "2018.07.04"]
[Round "5.38"]
[White "Cekan, Petr1"]
[Black "Hak, David"]
[Result "0-1"]
[WhiteElo "1966"]
[BlackElo "1886"]
[PlyCount "120"]
[EventDate "2018.06.30"]
[EventType "swiss"]
[EventRounds "9"]
[EventCountry "CZE"]

1. e4 e6 2. Nc3 d5 3. g3 c5 4. Bg2 d4 5. Nce2 e5 6. d3 Bd6 7. f4 f6 8. Nf3 Be6 9. O-O Nc6 10. c3 Nge7 11. Rf2 Qc7 12. a3 Na5 13. c4 O-O 14. f5 Bf7 15. g4 b5 16. b3 Rab8 17. g5 Nxb3 18. gxf6 gxf6 19. Bh6 Nxa1 20. Ng3 Kh8 21. Bxf8 Rxf8 22. Nd2 bxc4 23. Nxc4 Bxc4 24. dxc4 Rb8 25. Qxa1 Qb6 26. Nh5 Qb1+ 27. Qxb1 Rxb1+ 28. Rf1 Rxf1+ 29. Bxf1 Ng8 30. Kf2 Be7 31. Ke2 Nh6 32. h3 Kg8 33. Kd3 Nf7 34. h4 Nd6 35. Be2 Kf7 36. Bd1 Bd8 37. Ba4 Ba5 38. Bc6 Be1 39. Bd5+ Ke7 40. Ng7 Bxh4 41. Ne6 Be1 42. Nxc5 h5 43. Ke2 Bc3 44. Nd3 Nc8 45. Kf3 Nb6 46. Be6 Na4 47. Ke2 Kd6 48. Bd5 Nc5 49. Nb4 Bb2 50. Bf7 Bxa3 51. Nd5 Nxe4 52. Kd3 Nc5+ 53. Ke2 h4 54. Bh5 e4 55. Nxf6 Ke5 56. Ne8 Kxf5 57. Nd6+ Kf4 58. Nb5 d3+ 59. Kf1 Bb4 60. Nxa7 h3 0-1

[Event "26th Klatovy A 2018"]
[Site "Klatovy CZE"]
[Date "2018.07.04"]
[Round "5.39"]
[White "Kaspar, Lukas"]
[Black "Ondrejat, Miroslav"]
[Result "1/2-1/2"]
[WhiteElo "1799"]
[BlackElo "1948"]
[PlyCount "26"]
[EventDate "2018.06.30"]
[EventType "swiss"]
[EventRounds "9"]
[EventCountry "CZE"]

1. e4 e5 2. d4 d5 3. exd5 exd4 4. Bd3 Bd6 5. Ne2 Nf6 6. O-O O-O 7. Bf4 Bg4 8. Bxd6 Qxd6 9. Qd2 Nc6 10. c3 Rfe8 11. Re1 Re7 12. Na3 Rae8 13. Nc2 Bxe2 1/2-1/2

[Event "26th Klatovy A 2018"]
[Site "Klatovy CZE"]
[Date "2018.07.04"]
[Round "5.40"]
[White "Kunc, Jan"]
[Black "Kubat, Martin"]
[Result "1-0"]
[WhiteElo "1947"]
[BlackElo "1881"]
[PlyCount "59"]
[EventDate "2018.06.30"]
[EventType "swiss"]
[EventRounds "9"]
[EventCountry "CZE"]

1. e4 c5 2. Nf3 d6 3. d4 cxd4 4. Nxd4 Nf6 5. Nc3 g6 6. f4 Nc6 7. Nb3 Bd7 8. Be2 Bg7 9. Be3 O-O 10. g4 Ne8 11. Qd2 a6 12. f5 e6 13. O-O-O b5 14. a3 Na5 15. Bh6 Nxb3+ 16. cxb3 Bxh6 17. Qxh6 Qa5 18. Rd3 f6 19. fxg6 hxg6 20. Qxg6+ Ng7 21. Rxd6 Qc7 22. Rhd1 Rad8 23. Qh6 Bc6 24. Qd2 Rb8 25. b4 a5 26. bxa5 b4 27. axb4 Rxb4 28. Rd8 Qe5 29. Rxf8+ Kxf8 30. Qd6+ 1-0

[Event "26th Klatovy A 2018"]
[Site "Klatovy CZE"]
[Date "2018.07.04"]
[Round "5.41"]
[White "Novak, Vaclav2"]
[Black "Cecil, Pavel"]
[Result "1/2-1/2"]
[WhiteElo "1778"]
[BlackElo "1924"]
[PlyCount "74"]
[EventDate "2018.06.30"]
[EventType "swiss"]
[EventRounds "9"]
[EventCountry "CZE"]

1. e4 e6 2. d4 d5 3. exd5 exd5 4. Bd3 Bd6 5. Ne2 Bg4 6. Be3 Ne7 7. h3 Bf5 8. c3 c6 9. Qc2 Bxd3 10. Qxd3 Qc7 11. Nd2 Nd7 12. g3 Ng6 13. O-O-O O-O-O 14. Qf5 f6 15. h4 Kb8 16. h5 Ne7 17. Qg4 g6 18. Nf4 Rdg8 19. hxg6 hxg6 20. Rxh8 Rxh8 21. Nb3 b6 22. Re1 Nf8 23. Qf3 Qc8 24. Rh1 Nd7 25. Nd3 g5 26. Kc2 Qg8 27. a4 a5 28. Rh5 Qe8 29. Rh1 Kc7 30. Rxh8 Qxh8 31. Ne1 Qh3 32. g4 Qf1 33. Nd3 Ng6 34. Nbc1 Nh4 35. Qe2 Qh3 36. Ne1 Qh1 37. Ncd3 Qe4 1/2-1/2

[Event "26th Klatovy A 2018"]
[Site "Klatovy CZE"]
[Date "2018.07.04"]
[Round "5.42"]
[White "Hacaperka, Michal"]
[Black "Vilimova, Julie"]
[Result "1-0"]
[WhiteElo "1890"]
[BlackElo "1826"]
[PlyCount "65"]
[EventDate "2018.06.30"]
[EventType "swiss"]
[EventRounds "9"]
[EventCountry "CZE"]

1. e4 c5 2. Nc3 Nc6 3. Bb5 Nd4 4. Bc4 d6 5. Nge2 Nf6 6. O-O a6 7. d3 b5 8. Bb3 Qb6 9. Nxd4 cxd4 10. Ne2 e6 11. c3 dxc3 12. Nxc3 Bb7 13. Be3 Qc7 14. Rc1 Qd7 15. a4 b4 16. Ne2 Be7 17. a5 O-O 18. Ba4 Qd8 19. Bb6 Qb8 20. Qd2 d5 21. Bc7 Qa7 22. e5 Ng4 23. h3 Nh6 24. Bb6 Qb8 25. d4 Nf5 26. g4 Nh4 27. f4 Rc8 28. Kf2 Rc4 29. b3 Rxc1 30. Rxc1 Qf8 31. Rc7 Rb8 32. Kg3 Bd8 33. Bc5 1-0

[Event "26th Klatovy A 2018"]
[Site "Klatovy CZE"]
[Date "2018.07.04"]
[Round "5.43"]
[White "Vartazaryan, Gor"]
[Black "Skypala, Ondrej"]
[Result "1-0"]
[WhiteElo "1775"]
[BlackElo "1852"]
[PlyCount "23"]
[EventDate "2018.06.30"]
[EventType "swiss"]
[EventRounds "9"]
[EventCountry "CZE"]

1. e4 e5 2. Nf3 d6 3. d4 Nd7 4. Nc3 c6 5. Be3 g6 6. Qd2 Bg7 7. O-O-O b5 8. dxe5 dxe5 9. Bxb5 cxb5 10. Nxb5 Ne7 11. Nd6+ Kf8 12. Nxc8 1-0

[Event "26th Klatovy A 2018"]
[Site "Klatovy CZE"]
[Date "2018.07.04"]
[Round "5.44"]
[White "Paldus, Jan"]
[Black "Novak, Martin"]
[Result "1/2-1/2"]
[WhiteElo "1778"]
[BlackElo "1945"]
[PlyCount "30"]
[EventDate "2018.06.30"]
[EventType "swiss"]
[EventRounds "9"]
[EventCountry "CZE"]

1. e4 e6 2. d4 d5 3. Nc3 Bb4 4. exd5 exd5 5. Bd3 Nc6 6. Nge2 Nf6 7. O-O O-O 8. Bg5 Be6 9. Qd2 Re8 10. a3 Bxc3 11. Qxc3 Ne4 12. Bxd8 Nxc3 13. Nxc3 Raxd8 14. Ne2 Ne7 15. Ng3 f6 1/2-1/2

[Event "26th Klatovy A 2018"]
[Site "Klatovy CZE"]
[Date "2018.07.04"]
[Round "5.45"]
[White "Pavlicek, Lukas"]
[Black "Nechutny, Michal"]
[Result "1/2-1/2"]
[WhiteElo "1819"]
[BlackElo "1746"]
[PlyCount "72"]
[EventDate "2018.06.30"]
[EventType "swiss"]
[EventRounds "9"]
[EventCountry "CZE"]

1. g3 e5 2. Bg2 Nf6 3. c4 Nc6 4. d3 Bb4+ 5. Bd2 Bxd2+ 6. Qxd2 O-O 7. Nc3 d6 8. e3 Ne7 9. Nd5 Nfxd5 10. cxd5 c6 11. dxc6 bxc6 12. Qc3 Be6 13. Ne2 Qd7 14. d4 Nd5 15. Qd2 Rfd8 16. O-O Bh3 17. Bxh3 Qxh3 18. dxe5 dxe5 19. Rfd1 Rd7 20. Qc2 Qe6 21. Qc4 Rad8 22. Rac1 Nf4 23. Rxd7 Nxe2+ 24. Qxe2 Rxd7 25. Qc4 Qxc4 26. Rxc4 Rd6 27. Ra4 Rd7 28. Rc4 Rd6 29. Rb4 Kf8 30. Rb7 a5 31. Kf1 Ke8 32. Ke2 Rd5 33. Ra7 g6 34. g4 h6 35. b3 Kf8 36. h3 Kg7 1/2-1/2

[Event "26th Klatovy A 2018"]
[Site "Klatovy CZE"]
[Date "2018.07.04"]
[Round "5.46"]
[White "Lhotska, Anna"]
[Black "Danek, Vaclav"]
[Result "1-0"]
[WhiteElo "1689"]
[BlackElo "1885"]
[PlyCount "59"]
[EventDate "2018.06.30"]
[EventType "swiss"]
[EventRounds "9"]
[EventCountry "CZE"]

1. e4 e5 2. Nc3 d6 3. f4 Nf6 4. Nf3 Nbd7 5. Bc4 Be7 6. O-O c6 7. d3 O-O 8. Bb3 b5 9. Bd2 Qc7 10. a3 Bb7 11. Ne2 d5 12. fxe5 Nxe5 13. Nxe5 Qxe5 14. Bf4 Qh5 15. e5 Nd7 16. Qe1 Bh4 17. g3 Bd8 18. d4 Bb6 19. Kg2 Rae8 20. Bd2 f6 21. Nf4 Qf5 22. Nxd5 Qxf1+ 23. Qxf1 cxd5 24. Qxb5 Rf7 25. Bxd5 Bxd5+ 26. Qxd5 fxe5 27. Rf1 Nf6 28. Qc6 Rd8 29. Bg5 Rxd4 30. Bxf6 1-0

[Event "26th Klatovy A 2018"]
[Site "Klatovy CZE"]
[Date "2018.07.05"]
[Round "6.11"]
[White "Bartos, Jan"]
[Black "Parizek, Vojtech"]
[Result "0-1"]
[WhiteElo "2153"]
[BlackElo "2242"]
[PlyCount "110"]
[EventDate "2018.06.30"]
[EventType "swiss"]
[EventRounds "9"]
[EventCountry "CZE"]

1. Nf3 Nf6 2. c4 e6 3. g3 c5 4. Bg2 Nc6 5. O-O Be7 6. d4 d5 7. cxd5 exd5 8. dxc5 Bxc5 9. Qc2 Bb6 10. Nc3 O-O 11. Bg5 Be6 12. Rad1 Rc8 13. e4 d4 14. Qb1 h6 15. Bxf6 Qxf6 16. Nd5 Bxd5 17. exd5 Nb4 18. Rd2 Rcd8 19. Nh4 g6 20. a3 Nxd5 21. Qa2 Qe6 22. Nf3 Nc7 23. Qxe6 Nxe6 24. Ne5 Bc7 25. Re1 Bxe5 26. Rxe5 b6 27. Bd5 Rd6 28. f4 Rfd8 29. Ba2 Kg7 30. Kg2 Nc5 31. Kf3 R8d7 32. Bc4 f5 33. Re8 a6 34. h3 b5 35. Ba2 Ne4 36. Rd3 Rc6 37. g4 Rc1 38. gxf5 gxf5 39. Ra8 Rf1+ 40. Ke2 Rxf4 41. Rxa6 Re7 42. Re6 Rxe6 43. Bxe6 Kf6 44. Bc8 Ke5 45. Rb3 Nd6 46. Ba6 Re4+ 47. Kf2 Kf4 48. Bxb5 Re3 49. Rb4 Ne4+ 50. Kg2 d3 51. Rd4 d2 52. Ba4 Re2+ 53. Kg1 Ke3 54. Rb4 Re1+ 55. Kg2 Nc5 0-1

[Event "26th Klatovy A 2018"]
[Site "Klatovy CZE"]
[Date "2018.07.05"]
[Round "6.12"]
[White "Palek, Miroslav"]
[Black "Jedlicka, Ales"]
[Result "1/2-1/2"]
[WhiteElo "2153"]
[BlackElo "2221"]
[PlyCount "98"]
[EventDate "2018.06.30"]
[EventType "swiss"]
[EventRounds "9"]
[EventCountry "CZE"]

1. d4 Nf6 2. Bg5 Ne4 3. Bf4 c5 4. f3 Qa5+ 5. c3 Nf6 6. d5 e6 7. e4 exd5 8. exd5 d6 9. Nd2 Be7 10. Ne4 O-O 11. Nxf6+ Bxf6 12. Bd3 Nd7 13. Qc2 Re8+ 14. Ne2 g6 15. Bxd6 Nb6 16. Bc7 c4 17. Be4 Qc5 18. d6 Bd8 19. O-O-O Bxc7 20. dxc7 Qxc7 21. Qd2 Bd7 22. Nd4 Rad8 23. h4 Bc6 24. Bc2 Nd5 25. Rde1 Rxe1+ 26. Rxe1 Qg3 27. Nxc6 bxc6 28. Re4 Rd6 29. Qg5 Qh2 30. Re8+ Kg7 31. Qe5+ Qxe5 32. Rxe5 f5 33. g4 fxg4 34. fxg4 Rf6 35. g5 Rf4 36. Re4 Rxe4 37. Bxe4 Kf7 38. Kd2 Ke6 39. Ke2 Ke5 40. Kf3 Ne7 41. h5 c5 42. h6 Nf5 43. Bc2 a5 44. a3 Nd6 45. Kg4 Ne4 46. b3 Nf2+ 47. Kg3 Ne4+ 48. Kg4 Nf2+ 49. Kg3 Ne4+ 1/2-1/2

[Event "26th Klatovy A 2018"]
[Site "Klatovy CZE"]
[Date "2018.07.05"]
[Round "6.13"]
[White "Tscharotschkin, Michael"]
[Black "Dvorak, Jan"]
[Result "1-0"]
[WhiteElo "2124"]
[BlackElo "2210"]
[PlyCount "109"]
[EventDate "2018.06.30"]
[EventType "swiss"]
[EventRounds "9"]
[EventCountry "CZE"]

1. d4 e6 2. Bf4 Nf6 3. e3 c5 4. Nf3 Nc6 5. c3 d5 6. Bd3 Qb6 7. b3 Bd7 8. O-O cxd4 9. cxd4 Nb4 10. Nc3 Nxd3 11. Qxd3 Be7 12. Ne5 O-O 13. Bg5 Rfd8 14. Nxd7 Rxd7 15. Na4 Qa5 16. Rfc1 Rc7 17. Bxf6 Bxf6 18. Rxc7 Qxc7 19. Qc3 Qxc3 20. Nxc3 Rc8 21. Rc1 e5 22. dxe5 Bxe5 23. Ne2 Rxc1+ 24. Nxc1 Kf8 25. f4 Bc7 26. Kf2 Ke7 27. Kf3 Ke6 28. h3 Bb6 29. Nd3 f5 30. g4 a6 31. Nb4 g6 32. gxf5+ gxf5 33. Nc2 Bc5 34. Ke2 Kf6 35. Kd3 Ba7 36. Nd4 Bc5 37. Nf3 h6 38. Ne5 Ke6 39. Nf3 Bb6 40. b4 Kd6 41. a4 a5 42. bxa5 Bxa5 43. Nd4 Kc5 44. Nxf5 Kb4 45. Ne7 Kxa4 46. Nxd5 Kb5 47. f5 Kc5 48. e4 Kd6 49. Kd4 Bd2 50. e5+ Kd7 51. Nb6+ Ke7 52. Kd5 Bg5 53. Nc8+ Kd7 54. Nd6 b6 55. f6 1-0

[Event "26th Klatovy A 2018"]
[Site "Klatovy CZE"]
[Date "2018.07.05"]
[Round "6.14"]
[White "Kopta, Pavel"]
[Black "Hajek, Jiri2"]
[Result "1-0"]
[WhiteElo "2210"]
[BlackElo "2081"]
[PlyCount "93"]
[EventDate "2018.06.30"]
[EventType "swiss"]
[EventRounds "9"]
[EventCountry "CZE"]

1. d4 b6 2. e4 Bb7 3. Bd3 Nf6 4. Qe2 e6 5. Nf3 Be7 6. O-O c5 7. c4 cxd4 8. e5 Ng8 9. Nxd4 d6 10. exd6 Qxd6 11. Be4 Nc6 12. Nxc6 Bxc6 13. Bf4 Qd7 14. Rd1 Qb7 15. Nc3 Nf6 16. Bxc6+ Qxc6 17. Nb5 O-O 18. Bd6 Rfe8 19. Bxe7 Rxe7 20. Rd6 Qe4 21. Qxe4 Nxe4 22. Rd4 f5 23. Rad1 a6 24. Nd6 Nxd6 25. Rxd6 b5 26. c5 b4 27. Rc6 Kf7 28. Kf1 e5 29. Ke2 Raa7 30. Rdd6 Rac7 31. Kd3 e4+ 32. Ke3 Rxc6 33. Rxc6 g5 34. g3 Rd7 35. Rxa6 Rd3+ 36. Ke2 f4 37. gxf4 gxf4 38. Rb6 f3+ 39. Ke1 Rd4 40. b3 h5 41. c6 Ke7 42. Rb8 e3 43. fxe3 f2+ 44. Kxf2 Rd2+ 45. Kf3 Rc2 46. Rxb4 Rxc6 47. a4 1-0

[Event "26th Klatovy A 2018"]
[Site "Klatovy CZE"]
[Date "2018.07.05"]
[Round "6.15"]
[White "Vedral, Oldrich"]
[Black "Novy, Vaclav"]
[Result "1-0"]
[WhiteElo "2203"]
[BlackElo "2065"]
[PlyCount "55"]
[EventDate "2018.06.30"]
[EventType "swiss"]
[EventRounds "9"]
[EventCountry "CZE"]

1. e4 c5 2. Nf3 d6 3. d4 cxd4 4. Nxd4 Nf6 5. Nc3 g6 6. Be3 Bg7 7. f3 O-O 8. Qd2 Nc6 9. g4 Be6 10. O-O-O Nxd4 11. Bxd4 Qa5 12. a3 Rfc8 13. h4 Rab8 14. h5 b5 15. hxg6 hxg6 16. Qg5 Qc7 17. e5 dxe5 18. Bxe5 Qb7 19. Qf4 Rxc3 20. Bxc3 a5 21. Be5 Rc8 22. Rh2 b4 23. a4 Bd5 24. Rhd2 Bxf3 25. Rd8+ Kh7 26. Qh2+ Nh5 27. gxh5 Bxh5 28. Qxh5+ 1-0

[Event "26th Klatovy A 2018"]
[Site "Klatovy CZE"]
[Date "2018.07.05"]
[Round "6.16"]
[White "Toman, Ondrej"]
[Black "Molkanov, Oleg 2001"]
[Result "1-0"]
[WhiteElo "2197"]
[BlackElo "2051"]
[PlyCount "55"]
[EventDate "2018.06.30"]
[EventType "swiss"]
[EventRounds "9"]
[EventCountry "CZE"]

1. d4 f5 2. Bf4 Nf6 3. e3 g6 4. h4 Bg7 5. h5 d6 6. Bc4 d5 7. Be2 c5 8. Nc3 Ne4 9. Nxe4 fxe4 10. c3 cxd4 11. exd4 Nc6 12. Qd2 e5 13. dxe5 d4 14. h6 Bxe5 15. Bxe5 Nxe5 16. cxd4 Nd3+ 17. Bxd3 exd3 18. Qxd3 Qa5+ 19. Qc3 Qxc3+ 20. bxc3 Be6 21. Ne2 O-O 22. f3 Bc4 23. Ng3 Rac8 24. Kd2 Rf6 25. Ne4 Re6 26. Rhe1 Rce8 27. Re3 b6 28. Nf6+ 1-0

[Event "26th Klatovy A 2018"]
[Site "Klatovy CZE"]
[Date "2018.07.05"]
[Round "6.17"]
[White "Chmel, Kristian"]
[Black "Simunek, Filip"]
[Result "1-0"]
[WhiteElo "2121"]
[BlackElo "2184"]
[PlyCount "67"]
[EventDate "2018.06.30"]
[EventType "swiss"]
[EventRounds "9"]
[EventCountry "CZE"]

1. e4 c5 2. Nf3 e6 3. b3 b6 4. Bb2 Bb7 5. Nc3 d6 6. d4 cxd4 7. Nxd4 a6 8. Bd3 Nf6 9. Qe2 Nbd7 10. O-O-O Be7 11. g4 Nc5 12. g5 Nxd3+ 13. Rxd3 Nd7 14. f4 Nc5 15. Rh3 e5 16. Nf5 Ne6 17. fxe5 dxe5 18. Rd1 Qc7 19. Nd5 Bxd5 20. exd5 Nf4 21. Qe4 Nxh3 22. d6 Bxg5+ 23. Kb1 Qd8 24. d7+ Kf8 25. Ba3+ Kg8 26. Ne7+ Bxe7 27. Bxe7 h6 28. Bxd8 Rxd8 29. Qxe5 Ng5 30. Qe7 Kh7 31. h4 Ne6 32. Qxf7 Nc5 33. Qf5+ Kg8 34. h5 1-0

[Event "26th Klatovy A 2018"]
[Site "Klatovy CZE"]
[Date "2018.07.05"]
[Round "6.18"]
[White "Eret, Matous"]
[Black "Seemann, Jakub"]
[Result "1-0"]
[WhiteElo "2184"]
[BlackElo "1814"]
[PlyCount "45"]
[EventDate "2018.06.30"]
[EventType "swiss"]
[EventRounds "9"]
[EventCountry "CZE"]

1. e4 c5 2. Nf3 d6 3. d4 cxd4 4. Nxd4 Nf6 5. Nc3 a6 6. Be2 e5 7. Nb3 Be7 8. Be3 O-O 9. O-O Be6 10. f4 exf4 11. Bxf4 Nc6 12. Qd3 Ne5 13. Qg3 Ng6 14. Be3 Nd7 15. Nd4 Nde5 16. Nf5 Bf6 17. Rad1 Bxf5 18. exf5 Ne7 19. Ne4 Kh8 20. Rxd6 Qc8 21. Rxf6 gxf6 22. Nxf6 Qc7 23. Qh4 1-0

[Event "26th Klatovy A 2018"]
[Site "Klatovy CZE"]
[Date "2018.07.05"]
[Round "6.19"]
[White "Kusa, Jakub"]
[Black "Hurdzan, Tomas"]
[Result "0-1"]
[WhiteElo "2046"]
[BlackElo "2164"]
[PlyCount "80"]
[EventDate "2018.06.30"]
[EventType "swiss"]
[EventRounds "9"]
[EventCountry "CZE"]

1. e4 c5 2. Nf3 d6 3. d4 cxd4 4. Nxd4 Nf6 5. Nc3 Nc6 6. Bc4 e6 7. Be3 Be7 8. Qe2 O-O 9. O-O-O a6 10. Bb3 Qc7 11. Rhg1 Nd7 12. g4 Nc5 13. Kb1 Bd7 14. Nf5 Rfe8 15. f4 Bf8 16. Nd4 b5 17. Qf3 Qb7 18. Nde2 Red8 19. e5 dxe5 20. fxe5 Qc7 21. Bf4 Ne7 22. Nd4 Nc6 23. Rgf1 Nxd4 24. Rxd4 Bc6 25. Qf2 a5 26. Be3 Rxd4 27. Bxd4 Ne4 28. Nxe4 Bxe4 29. a4 bxa4 30. Bb6 Qb7 31. Bxa4 Rb8 32. Bb3 Bg6 33. Ba7 Ra8 34. Bb6 Ra6 35. Bc5 Qxb3 36. Bxf8 Rc6 37. Bc5 Qd5 38. Bd6 Rxc2 39. Qxc2 Bxc2+ 40. Kxc2 Qg2+ 0-1

[Event "26th Klatovy A 2018"]
[Site "Klatovy CZE"]
[Date "2018.07.05"]
[Round "6.20"]
[White "Hadraba, Vladimir"]
[Black "Svanda, Ondrej"]
[Result "1/2-1/2"]
[WhiteElo "2192"]
[BlackElo "2043"]
[PlyCount "61"]
[EventDate "2018.06.30"]
[EventType "swiss"]
[EventRounds "9"]
[EventCountry "CZE"]

1. d4 Nf6 2. Nf3 e6 3. Bf4 b6 4. e3 Bb7 5. h3 c5 6. c3 Be7 7. Bd3 O-O 8. Nbd2 cxd4 9. exd4 d6 10. O-O Nbd7 11. Qe2 Qc7 12. Bh2 Rfe8 13. Rfe1 Bf8 14. Ne4 Nxe4 15. Bxe4 Bxe4 16. Qxe4 Nf6 17. Qd3 Rac8 18. Nd2 Qc6 19. a4 Red8 20. Qb5 Qd5 21. Nf1 Ne8 22. Qxd5 exd5 23. Ne3 Nc7 24. a5 b5 25. Nc2 Na6 26. Ne3 Nc7 27. Kf1 f6 28. Ke2 Kf7 29. Kd3 g6 30. Nc2 Na6 31. Ne3 1/2-1/2

[Event "26th Klatovy A 2018"]
[Site "Klatovy CZE"]
[Date "2018.07.05"]
[Round "6.21"]
[White "Hlavac, Rudolf"]
[Black "Dolansky, Lukas"]
[Result "1/2-1/2"]
[WhiteElo "1987"]
[BlackElo "2184"]
[PlyCount "112"]
[EventDate "2018.06.30"]
[EventType "swiss"]
[EventRounds "9"]
[EventCountry "CZE"]

1. e4 e5 2. Nf3 Nc6 3. Bb5 d6 4. d4 Bd7 5. O-O Nf6 6. Nc3 Be7 7. Re1 exd4 8. Nxd4 O-O 9. Bxc6 bxc6 10. Bg5 Re8 11. Qf3 Rb8 12. Rab1 h6 13. Bh4 Nh7 14. Bxe7 Qxe7 15. h3 Rb4 16. Nf5 Qf6 17. a3 Rb7 18. b4 a5 19. Red1 axb4 20. axb4 Reb8 21. b5 Bxf5 22. exf5 cxb5 23. Nd5 Qd8 24. Nb4 Qh4 25. Nc6 Ng5 26. Qd5 Re8 27. Ne7+ Rxe7 28. Qxb7 Re2 29. Rf1 Ne4 30. Rb4 Re1 31. Rxe4 Qxe4 32. Qxb5 Rxf1+ 33. Kxf1 Qxc2 34. g3 Qe4 35. Qb8+ Kh7 36. Qxc7 Qxf5 37. Qxd6 Qxh3+ 38. Kg1 Qf5 39. Qc6 h5 40. Qc4 g6 41. Qh4 Qe5 42. Qc4 Kg7 43. Qh4 f5 44. Qg5 Qf6 45. Qf4 g5 46. Qf3 h4 47. gxh4 gxh4 48. Kh2 Kh6 49. Kh3 Qg5 50. Qe2 Kg7 51. Qc4 Qg1 52. Qxh4 Kf7 53. Qc4+ Kf6 54. Qd4+ Ke6 55. Qe3+ Kd5 56. Qd3+ Ke6 1/2-1/2

[Event "26th Klatovy A 2018"]
[Site "Klatovy CZE"]
[Date "2018.07.05"]
[Round "6.23"]
[White "Novotny, Jaroslav2"]
[Black "Krutsky, Martin"]
[Result "0-1"]
[WhiteElo "1933"]
[BlackElo "2123"]
[PlyCount "98"]
[EventDate "2018.06.30"]
[EventType "swiss"]
[EventRounds "9"]
[EventCountry "CZE"]

1. d4 Nf6 2. c4 g6 3. Nc3 Bg7 4. e4 d6 5. Nf3 O-O 6. Be2 Nbd7 7. O-O e5 8. dxe5 dxe5 9. Bg5 c6 10. Qc2 Qe7 11. Rad1 Re8 12. h3 Nf8 13. Qd2 Ne6 14. Qd6 Qxd6 15. Rxd6 Nh5 16. Rfd1 Nd4 17. Nxd4 exd4 18. Na4 Be5 19. Rd8 Rxd8 20. Bxd8 Nf4 21. Bf1 Bxh3 22. Bg5 Bg4 23. f3 Be6 24. Bxf4 Bxf4 25. Nc5 b6 26. Nxe6 fxe6 27. g4 h5 28. gxh5 gxh5 29. Kf2 Rd8 30. Bd3 Kf7 31. Rh1 Rh8 32. Bf1 Kf6 33. Ke2 h4 34. Bh3 Ke5 35. Rg1 Bg3 36. Rd1 Rd8 37. Bg4 Rh8 38. Bh3 c5 39. a4 Rh6 40. b3 Kf4 41. Rd3 Rg6 42. Rd1 Bh2 43. Rh1 Bg3 44. Rd1 e5 45. Bf5 Rg5 46. Bh3 Bh2 47. Rh1 Rg1 48. Rxh2 Kg3 49. Rf2 d3+ 0-1

[Event "26th Klatovy A 2018"]
[Site "Klatovy CZE"]
[Date "2018.07.05"]
[Round "6.24"]
[White "Hak, David"]
[Black "Stinka, Jakub"]
[Result "0-1"]
[WhiteElo "1886"]
[BlackElo "2093"]
[PlyCount "62"]
[EventDate "2018.06.30"]
[EventType "swiss"]
[EventRounds "9"]
[EventCountry "CZE"]

1. e4 e6 2. d4 d5 3. exd5 exd5 4. c4 Nf6 5. Nf3 Be7 6. c5 b6 7. cxb6 axb6 8. Nc3 O-O 9. Bd3 Bb7 10. O-O c5 11. Bg5 Nbd7 12. Bf5 Re8 13. Re1 c4 14. Ne5 Nf8 15. Re3 g6 16. Bc2 Ne6 17. Bh6 Bd6 18. Ba4 Re7 19. Nc6 Bxc6 20. Bxc6 Rc8 21. Qf3 Rec7 22. Nxd5 Nxd5 23. Bxd5 Nxd4 24. Qe4 Nf5 25. Rh3 Re7 26. Qf3 Rc5 27. Be4 Rce5 28. Re1 Qe8 29. g4 Nxh6 30. Rxh6 Rxe4 31. Rxe4 Rxe4 0-1

[Event "26th Klatovy A 2018"]
[Site "Klatovy CZE"]
[Date "2018.07.05"]
[Round "6.25"]
[White "Kopriva, Martin"]
[Black "Kubat, Miroslav"]
[Result "1/2-1/2"]
[WhiteElo "2068"]
[BlackElo "1993"]
[PlyCount "136"]
[EventDate "2018.06.30"]
[EventType "swiss"]
[EventRounds "9"]
[EventCountry "CZE"]

1. e4 c5 2. d4 cxd4 3. Nf3 Nc6 4. c3 d3 5. Bxd3 d6 6. O-O g6 7. Bf4 Bg7 8. h3 Nf6 9. Qe2 O-O 10. Na3 a6 11. Rfd1 Qc7 12. Bh2 Ne5 13. Nxe5 dxe5 14. Nc4 Nh5 15. Ne3 e6 16. c4 b6 17. b4 Bb7 18. c5 Nf4 19. Qc2 bxc5 20. Rac1 Nxd3 21. Qxd3 Rfd8 22. Qc4 Qc6 23. f3 Bh6 24. Ng4 Bxc1 25. Rxc1 Qb5 26. Qc3 Qxb4 27. Nh6+ Kf8 28. Qxb4 cxb4 29. Rc7 Bc8 30. Rxf7+ Ke8 31. Rxh7 Rd7 32. Rh8+ Ke7 33. Bxe5 Rd1+ 34. Kh2 Kd7 35. Rh7+ Kc6 36. Rc7+ Kb6 37. Rc2 Bd7 38. Rb2 Ka5 39. Ng4 Rc8 40. Nf2 Rdc1 41. Nd3 R1c4 42. Bd6 Rc2 43. Bxb4+ Ka4 44. Rxc2 Rxc2 45. Be7 Bb5 46. Nc5+ Ka5 47. Nxe6 Rxa2 48. Nf4 Be8 49. e5 Kb5 50. Nd5 Kc4 51. Nc7 Bc6 52. Bd6 Bxf3 53. Kg3 Bd5 54. Kf4 Bxg2 55. h4 a5 56. e6 Bc6 57. e7 Re2 58. Kg5 Re4 59. Ba3 Bd7 60. e8=Q Bxe8 61. Nxe8 Rxe8 62. Kxg6 Kd5 63. h5 Ke6 64. Kg7 Rb8 65. h6 Rb3 66. h7 Rg3+ 67. Kf8 Rh3 68. Kg7 Rg3+ 1/2-1/2